[Event "Hamburg New Chess Brains 4th"]
[Site "Hamburg"]
[Date "2020.03.12"]
[Round "7"]
[White "Ovsejevitsch, Sergei"]
[Black "Schoppen, Casper"]
[Result "1/2-1/2"]
[WhiteElo "2602"]
[BlackElo "2479"]
[PlyCount "111"]
[EventDate "2020.03.08"]
[EventType "tourn"]
[EventRounds "9"]
[EventCountry "GER"]
[EventCategory "9"]
[SourceTitle "CBM 195 Extra"]
[Source "ChessBase"]
[SourceDate "2020.05.31"]
[SourceVersion "1"]
[SourceVersionDate "2020.05.31"]
[SourceQuality "1"]

1. d4 Nf6 2. c4 e6 3. Nc3 Bb4 4. Nf3 0-0 5. Bg5 c5 6. Rc1 cxd4 7. Nxd4 h6 8. Bh4 d5 9. e3 e5 10. Nc2 Bxc3+ 11. bxc3 dxc4 12. Qxd8 Rxd8 13. Na3 Nc6 14. Nxc4 Be6 15. f3 Rac8 16. a3 Bxc4 17. Bxc4 Na5 18. Be2 Rc5 19. Kf2 g5 20. Bg3 Nh5 21. Rhd1 Rxd1 22. Bxd1 Nxg3 23. hxg3 Nc4 24. a4 e4 25. Bc2 Nd6 26. Bxe4 Nxe4+ 27. fxe4 Rc4 28. a5 Rxe4 29. Rb1 Re7 30. g4 Kg7 31. Kf3 Kg6 32. Rb5 Kf6 33. c4 Rc7 34. e4 a6 35. Rf5+ Ke6 36. c5 Rd7 37. Ke3 Rd1 38. Rf3 Ra1 39. Rh3 Rxa5 40. Rxh6+ Ke5 41. c6 Ra3+ 42. Ke2 bxc6 43. Rxc6 Kxe4 44. Rf6 Ra2+ 45. Kf1 a5 46. Rxf7 Rd2 47. Ke1 Rd5 48. Ke2 a4 49. Ra7 Rd4 50. g3 Rb4 51. Ra5 Kd4 52. Kd2 Rb2+ 53. Kc1 Rg2 54. Rxa4+ Ke3 55. Ra5 Rxg3 56. Rxg5 1/2-1/2

[Event "Hamburg New Chess Brains 4th"]
[Site "Hamburg"]
[Date "2020.03.11"]
[Round "6"]
[White "Olsen, Filip Boe"]
[Black "Ovsejevitsch, Sergei"]
[Result "0-1"]
[WhiteElo "2332"]
[BlackElo "2602"]
[PlyCount "140"]
[EventDate "2020.03.08"]
[EventType "tourn"]
[EventRounds "9"]
[EventCountry "GER"]
[EventCategory "9"]
[SourceTitle "CBM 195 Extra"]
[Source "ChessBase"]
[SourceDate "2020.05.31"]
[SourceVersion "1"]
[SourceVersionDate "2020.05.31"]
[SourceQuality "1"]

1. d4 Nf6 2. Nf3 d5 3. Bf4 c5 4. e3 Nc6 5. Nbd2 Bg4 6. c3 e6 7. Qb3 Qc8 8. Ne5 Nxe5 9. dxe5 c4 10. Qa4+ Nd7 11. b3 Be7 12. bxc4 0-0 13. cxd5 Nb6 14. Qc2 Bf5 15. e4 Nxd5 16. exf5 Nxf4 17. g3 Qc6 18. Qe4 Qxe4+ 19. Nxe4 exf5 20. gxf4 fxe4 21. Bg2 f5 22. exf6 Bxf6 23. Ke2 Bxc3 24. Rac1 Ba5 25. Bxe4 Rxf4 26. Bxb7 Re8+ 27. Kf1 Re5 28. Rc2 Rb4 29. Ba8 Bb6 30. h3 Bc5 31. h4 Be7 32. Kg2 Rg4+ 33. Kf3 h5 34. Rd1 Rf5+ 35. Ke2 Bxh4 36. Kf1 Kh7 37. Bd5 Rf6 38. Rd3 Ra4 39. f3 Bg3 40. Kg2 Be5 41. Be4+ Kh6 42. Rd5 Bf4 43. Kh3 g6 44. Rdc5 Kg7 45. Kh4 Rd4 46. Rd5 Rxd5 47. Bxd5 Rd6 48. Rc5 Kh6 49. Kh3 Be3 50. Rb5 a6 51. Ra5 Bd2 52. Rc5 Bb4 53. Rc4 Rxd5 54. Rxb4 Rd3 55. Kg3 Ra3 56. Rb2 g5 57. Kg2 Kg6 58. Rc2 Ra4 59. Kg3 Ra5 60. Rh2 Ra3 61. Rc2 g4 62. Rc6+ Kf7 63. Kh4 gxf3 64. Rc2 Ra5 65. a4 Rxa4+ 66. Kxh5 Kf6 67. Rc8 Rf4 68. Rc6+ Ke5 69. Rc1 f2 70. Rf1 Kf6 0-1

[Event "Hamburg New Chess Brains 4th"]
[Site "Hamburg"]
[Date "2020.03.10"]
[Round "4"]
[White "Baskin, Robert"]
[Black "Ovsejevitsch, Sergei"]
[Result "1/2-1/2"]
[WhiteElo "2385"]
[BlackElo "2602"]
[PlyCount "86"]
[EventDate "2020.03.08"]
[EventType "tourn"]
[EventRounds "9"]
[EventCountry "GER"]
[EventCategory "9"]
[SourceTitle "CBM 195 Extra"]
[Source "ChessBase"]
[SourceDate "2020.05.31"]
[SourceVersion "1"]
[SourceVersionDate "2020.05.31"]
[SourceQuality "1"]

1. e4 e5 2. Nf3 Nc6 3. Bb5 a6 4. Ba4 d6 5. 0-0 Bd7 6. d4 Nf6 7. Bxc6 Bxc6 8. Re1 Be7 9. Nc3 exd4 10. Nxd4 0-0 11. Nf5 Bd7 12. Nxe7+ Qxe7 13. Bg5 Qe5 14. Bxf6 Qxf6 15. e5 Qg5 16. Qd3 Bc6 17. Qg3 Qxg3 18. hxg3 dxe5 19. Rxe5 f6 20. Re7 Rf7 21. Rxf7 Kxf7 22. Rd1 h5 23. f3 Re8 24. Kf2 Re7 25. Rd8 Rd7 26. Rxd7+ Bxd7 27. Ke3 Ke6 28. Kd4 b6 29. b4 Bc6 30. Nd1 Be8 31. Ne3 Bg6 32. a4 Kd6 33. Nc4+ Kc6 34. Ne3 Be8 35. c4 Bd7 36. g4 hxg4 37. fxg4 Kd6 38. b5 axb5 39. axb5 c5+ 40. bxc6 Bxc6 41. Nf5+ Ke6 42. Nxg7+ Kf7 43. Nf5 Bxg2 1/2-1/2

[Event "Oberliga Sued W 1920"]
[Site "Germany"]
[Date "2020.03.01"]
[Round "7.1"]
[White "Ovsejevitsch, Sergei"]
[Black "Carow, Johannes"]
[Result "1/2-1/2"]
[WhiteElo "2602"]
[BlackElo "2433"]
[PlyCount "154"]
[EventDate "2019.09.29"]
[EventType "team-tourn"]
[EventRounds "9"]
[EventCountry "GER"]
[SourceTitle "EXT 2021"]
[Source "ChessBase"]
[SourceDate "2020.10.23"]
[SourceVersion "1"]
[SourceVersionDate "2020.10.23"]
[SourceQuality "1"]

1. Nf3 c5 2. c4 Nc6 3. d4 cxd4 4. Nxd4 Qb6 5. Nc2 Nf6 6. Nc3 e6 7. Rb1 Bc5 8. e3 0-0 9. Be2 d5 10. 0-0 dxc4 11. Na3 Rd8 12. Qa4 a6 13. Qxc4 Ne5 14. Qh4 Qc7 15. Ne4 Be7 16. Nxf6+ Bxf6 17. Qe4 Bd7 18. Bd2 Bc6 19. Qc2 Rac8 20. Rbd1 b5 21. f4 Nd7 22. Bf3 Qb7 23. Bxc6 Rxc6 24. Qb1 Nb6 25. Bc1 Rdc8 26. Qe4 Na4 27. Nc2 Qc7 28. Nd4 Rc4 29. Qf3 Bxd4 30. exd4 Nb6 31. f5 Nd5 32. Bg5 Qd7 33. fxe6 fxe6 34. Bh4 Rc2 35. Rf2 Rxf2 36. Qxf2 Qf7 37. Qxf7+ Kxf7 38. Rd2 Rc1+ 39. Kf2 Nb4 40. a3 Nd5 41. Kf3 a5 42. Ke4 a4 43. Ke5 Rc6 44. Rf2+ Ke8 45. Ke4 h6 46. Bg3 Rc1 47. Be5 Re1+ 48. Kd3 Re3+ 49. Kc2 g6 50. Bd6 Rb3 51. Bf4 b4 52. Bc1 h5 53. Rf3 bxa3 54. bxa3 Rb6 55. Bh6 Rc6+ 56. Kd2 Rb6 57. Kc2 Nc7 58. Bf8 Rc6+ 59. Bc5 Na6 60. Rc3 Kd7 61. Kd3 Rc8 62. Ke4 g5 63. Rc4 Rb8 64. Rxa4 Nxc5+ 65. dxc5 Rb2 66. Ra7+ Kc6 67. Rh7 Rxg2 68. Rxh5 Kxc5 69. Kf3 Ra2 70. Rxg5+ Kd6 71. h4 Rxa3+ 72. Kg4 Ra1 73. Kh5 Rh1 74. Rg4 Ke7 75. Kg6 Kf8 76. Kf6 e5 77. Kxe5 Kf7 1/2-1/2

[Event "Oberliga Sued W 1920"]
[Site "Germany"]
[Date "2020.01.19"]
[Round "5.1"]
[White "Mayer, Frank"]
[Black "Ovsejevitsch, Sergei"]
[Result "0-1"]
[WhiteElo "2315"]
[BlackElo "2604"]
[PlyCount "50"]
[EventDate "2019.09.29"]
[EventType "team-tourn"]
[EventRounds "9"]
[EventCountry "GER"]
[SourceTitle "EXT 2021"]
[Source "ChessBase"]
[SourceDate "2020.10.23"]
[SourceVersion "1"]
[SourceVersionDate "2020.10.23"]
[SourceQuality "1"]

1. c4 e5 2. e3 Nf6 3. Nc3 Bb4 4. Nge2 0-0 5. a3 Be7 6. Qc2 Re8 7. d4 Bf8 8. dxe5 Rxe5 9. Nf4 a5 10. b3 Na6 11. Bb2 Re8 12. Be2 c6 13. 0-0 Nc5 14. Rab1 Ne6 15. Bf3 Nxf4 16. exf4 d6 17. Rbd1 Bd7 18. h3 h6 19. g4 h5 20. g5 Nh7 21. Bxh5 Nxg5 22. fxg5 Qxg5+ 23. Bg4 Bxg4 24. hxg4 Qxg4+ 25. Kh2 Re5 0-1